| Поле | Инд. | ПП | Название | Значение |
|---|---|---|---|---|
| Тип записи | a | |||
| Библиографический уровень | m | |||
| 001 | Контрольный номер | c416195c941c42948d11c8c7a70e9a43 | ||
| 005 | Дата корректировки | 20260413115106.9 | ||
| 020 | a | ISBN | 978-5-7995-1185-2 | |
| a | ISBN | 978-5-7995-1186-9 | ||
| c | Цена, тираж | 833 р. | ||
| 040 | b | Код языка каталог. | rus | |
| e | Правила каталог. | PSBO | ||
| 041 | 0_ | a | Код языка текста | rus |
| 080 | a | Индекс УДК | 316:159.9 | |
| 084 | a | Индекс другой классификации/Индекс ББК | С524 | |
| 084 | a | Индекс другой классификации/Индекс ББК | С524.224.56 | |
| 084 | a | Индекс другой классификации/Индекс ББК | Ю94 | |
| 084 | a | Индекс другой классификации/Индекс ББК | Ю953 | |
| 084 | a | Индекс другой классификации/Индекс ББК | Ю936.2 | |
| 090 | a | Полочн. индекс | С5 | |
| x | Авторский знак | П 68 | ||
| 097 | b | Оператор | *Ж* | |
| 097 | b | Оператор | *Вин* | |
| 097 | b | Оператор | *Фа-С* | |
| 097 | b | Оператор | *Ст* | |
| 245 | 10 | a | Заглавие | *Правда, обман и достоинство человека в цифровом мире риска |
| c | Ответственность | под общей редакцией Е.А. Евстифеевой | ||
| c | Ответственность | Тверской государственный технический университет | ||
| b | Продолж. заглавия | сборник научных трудов VI Международной научно-практической конференции, 15-16 апреля 2021 г., Тверь | ||
| b | Продолж. заглавия | в 2 частях | ||
| n | Номер части/ раздела | Часть 1 | ||
| 260 | a | Место издания | Тверь | |
| c | Дата издания | 2021 | ||
| b | Издательство | ТвГТУ | ||
| 300 | a | Объем | 182 с. | |
| 516 | 8_ | a | Прим. о типе комп. файла/ данных | Текст : непосредственный |
| 520 | 0_ | a | Аннотация | Включены материалы конференции, посвященной наиболее актуальным проблемам соотношения правды, обмана и достоинства человека в цифровую эпоху риска с позиций молодых ученых, аспирантов и студентов. Представлены доклады по разделам «Достоинство человека в био-этических практиках», «Круглый стол магистрантов, аспирантов, молодых ученых и специалистов», «Цифровой мир риска: антиномии теории и практики», «Личность в цифровом мире: психологические грани правды и обмана», «Фальсификаты цифрового мира: историко-культурные и социально-экономические проекции», «Интернет как социальное пространство постправды». В работе конференции приняли участие представители маломобильной группы населения, а также ученые России, Болгарии и стран СНГ. Адресован молодым ученым, магистрантам, аспирантам, студентам, практикующим психологам. |
| 583 | a | Действие | Приписка : текст | |
| 653 | 0_ | a | Ключевые слова | Цифровой мир |
| a | Ключевые слова | Цифровизация образования | ||
| a | Ключевые слова | Риски | ||
| a | Ключевые слова | Правда | ||
| a | Ключевые слова | Постправда | ||
| a | Ключевые слова | Интернет | ||
| a | Ключевые слова | Обман | ||
| a | Ключевые слова | Дрстоинство человека | ||
| a | Ключевые слова | Потребительское банкротство | ||
| a | Ключевые слова | Влияние цифровизации | ||
| a | Ключевые слова | Информационно-психологическая безопасность | ||
| a | Ключевые слова | Информационно-психологическое воздействие | ||
| a | Ключевые слова | Психологическое здоровье | ||
| a | Ключевые слова | Военные ВУЗы | ||
| a | Ключевые слова | Профессиональная деятельность | ||
| a | Ключевые слова | Армия | ||
| a | Ключевые слова | Врачи | ||
| 655 | a | Жанр/ форма (устаревшее) | *М* | |
| 900 | a | Имя макрообъекта | 001-000143981-000000000-0000-0000-00 | |
| 901 | t | Тип документа | m | |
| 905 | b | Дата создания записи обработка | 22.12.21 | |
| c | Дата приписки | 12.03.25 | ||
| 951 | i | EL-ТГТУ? | Да | |
| 952 | a | Тип литературы для КСУ ВШ | *М* | |
| 952 | e | Факультет | *ФУСК* | |
| 990 | h | N записи в КСУ для Б/У (DOS) | 9/2022 | |
| h | N записи в КСУ для Б/У (DOS) | 25/2025 | ||
| h | N записи в КСУ для Б/У (DOS) | 8/2026 | ||
| j | Количество экземпляров (DOS) | 7+1 | ||
| 990 | f | Даты поступлений (DOS) | 21.12.21 | |
| f | Даты поступлений (DOS) | 05.03.25 | ||
| f | Даты поступлений (DOS) | 08.04.26 | ||
| g | Размещение заказа (DOS) | РИЦ |